| 000 | 00901nam a22002657a 4500 | ||
|---|---|---|---|
| 001 | 7782 | ||
| 003 | FISKH | ||
| 005 | 20250806092044.0 | ||
| 008 | 250806b cb ||||| |||| 00| 0 eng d | ||
| 040 |
_aFISKH _beng _cFISKH _dFISKH |
||
| 050 | _aPZ10.S637 U | ||
| 082 | _a612.82 | ||
| 100 | _aShowers, Paul | ||
| 245 |
_aUse your brain : _bThis is a let's-read-and-find-out science book / _cBy Paul Showers ; Illustrated by Rosalind Fry |
||
| 260 |
_aNew York : _bThomas Y. Crowell Company, _c1971. |
||
| 300 |
_a33 pages : _bcolor illustrations ; _c19 x 20 cm |
||
| 505 | _aN | ||
| 520 | _aDescribes how the brain receives and sends messages via the nervous system. | ||
| 521 | 8 |
_a540
_bLexile estimate |
|
| 521 | 8 |
_aN
_bRaz-Plus |
|
| 650 |
_aAnatomy _vHuman Body _xLet's Read and Find Out _yBrain |
||
| 700 |
_aFry, Rosalind _eillustrator |
||
| 942 |
_2ddc _cBK _n0 |
||
| 999 |
_c7782 _d7782 |
||